| 000 | 00382nam a22001097a 4500 | ||
|---|---|---|---|
| 008 | 230515b |||||||| |||| 00| 0 eng d | ||
| 040 |
_aNational Science Library _cNational Science Library |
||
| 080 |
_aR 058(540) _bP7 |
||
| 245 |
_aIndia 2007: _c/ Research Reference and Training Division _bA reference annual |
||
| 260 |
_aNew Delhi: _bPublication Division, _62007 |
||
| 942 |
_2udc _cREF |
||
| 999 |
_c29920 _d29920 |
||